000 00597nam a22001817a 4500
999 _c137562
_d137562
005 20181117105207.0
010 _aB-218607 B-218624
020 _a8183820069
_c95.00
035 _aB-218607, B-218596,B-218597 B-218624 B-218626
037 _bDPL
082 _22006
_a615.52
100 _aHanda, Parvesh
245 _aAyurveda For Health And Beauty/
_cParvesh Handa
260 _aNew Delhi
_bLotus Press
_c2006
270 _a4263/3,Ansari Road,Darya Ganj
_bNew Delhi
_e110002
_k30903912
_mlotus_press@sify.com
300 _a144P.
_c22c.m(HB)
942 _2ddc
_cEN
_h615.52
_mHAN